000 00422nam a22001457a 4500
005 20180723170710.0
020 _c150.00
035 _aA-946318, A-946317
037 _aDPL
_bENG
100 _aDaruwala, Bomi F.
245 _aBharat's wealth tax act with rules /
_cby Bomi F. Daruwala
260 _aNew Delhi
_bBharat Law House
_c1999
300 _avarious pages
_c20 cms.
942 _2ddc
_cEN
_h343.05
_mPUL
999 _c67191
_d67191